Centres for the promotion of Indian music / (Record no. 41446)

MARC details
000 -LEADER
fixed length control field 00702nam a22001937a 4500
005 - DATE AND TIME OF LATEST TRANSACTION
control field 20100812160511.0
010 ## - LCCN (DPL NO)
LC control number ENG-99883
020 ## - INTERNATIONAL STANDARD BOOK NUMBER
International Standard Book Number 9788174532992
Terms of availability 995.00
035 ## - SYSTEM CONTROL NUMBER
System control number EN-83415
037 ## - SOURCE OF ACQUISITION
Source of stock number/acquisition DBAD/PUB
082 ## - DEWEY DECIMAL CLASSIFICATION NUMBER
Classification number 780.954
100 ## - MAIN ENTRY--PERSONAL NAME
Personal name Sharma, Lovely
245 ## - TITLE STATEMENT
Title Centres for the promotion of Indian music /
Statement of responsibility, etc by Lovely Sharma
260 ## - PUBLICATION, DISTRIBUTION, ETC. (IMPRINT)
Place of publication, distribution, etc Darya Ganj
Name of publisher, distributor, etc Sanjay Prakashan
Date of publication, distribution, etc 2009
270 ## - ADDRESS
Address 4378/4 D, 209 J.M.D. House Ansari Road
City Darya Ganj
Postal code 110002
300 ## - PHYSICAL DESCRIPTION
Extent 297p.
Dimensions 22cm (Hb)
942 ## - ADDED ENTRY ELEMENTS (KOHA)
Source of classification or shelving scheme Dewey Decimal Classification
Item type English Books
Classification part 780.954
Call number suffix SHA
Holdings
Withdrawn status Lost status Not for loan Collection code Home library Current library Date acquired Source of acquisition Cost, normal purchase price Full call number Barcode Copy number Cost, replacement price Koha item type
    Not For Loan Non-fiction D.B.Act.Division D.B.Act.Division 12/08/2010 DBAD/PUB 995.00 780.954 SHA EN-83415 1 995.00 English Books

© Delhi Public Library
Hit Counter
free hit counter